Plus haute montagne par continent - Statistiques

Statistiques générales
  • Ce quiz a été pris 66 fois
  • Le résultat moyen est 4 sur 8
Statistiques - réponses
Hint Continent Réponse % Correct
Asie 1 Everest - Himalaya
98%
Europe occidentale Mont blanc - Alpes
96%
Afrique 4 Kilimandjaro - Grand rift
84%
Amérique du Sud 2 Aconcagua - cordillère des Andes
52%
Europe 5 Elbrouz - Caucase
52%
Amérique du Nord 3 Denali - Alaska
38%
Antarctique 6 Le mont Vinson
14%
Oceanie 7 Puncak jaya - Monts Maoke
10%
Aucun quiz correspondant
Distribution des résultats
% des personnes avec chaque résultat
Percentile par nombre de réponses
Votre historique - résultats
Vous n’avez pas pris ce quiz